<?xml version="1.0" encoding="UTF-8"?>
<record
    xmlns:xsi="http://www.w3.org/2001/XMLSchema-instance"
    xsi:schemaLocation="http://www.loc.gov/MARC21/slim http://www.loc.gov/standards/marcxml/schema/MARC21slim.xsd"
    xmlns="http://www.loc.gov/MARC21/slim">

  <leader>00999nam a22002657b 4500</leader>
  <controlfield tag="005">20230919120256.0</controlfield>
  <controlfield tag="008">230919b        sa ||||| |||| 00| 0 eng d</controlfield>
  <datafield tag="020" ind1=" " ind2=" ">
    <subfield code="a">9780778804208</subfield>
  </datafield>
  <datafield tag="040" ind1=" " ind2=" ">
    <subfield code="c">3228</subfield>
  </datafield>
  <datafield tag="041" ind1=" " ind2=" ">
    <subfield code="2">E</subfield>
  </datafield>
  <datafield tag="082" ind1=" " ind2=" ">
    <subfield code="a">616.975</subfield>
    <subfield code="b">DDC 23</subfield>
  </datafield>
  <datafield tag="100" ind1=" " ind2=" ">
    <subfield code="a">Anca, Alexandra</subfield>
    <subfield code="9">151107</subfield>
  </datafield>
  <datafield tag="110" ind1=" " ind2=" ">
    <subfield code="a">Robert Rose Inc.</subfield>
    <subfield code="9">181962</subfield>
  </datafield>
  <datafield tag="245" ind1=" " ind2=" ">
    <subfield code="a">The total Food allergy health and diet guide</subfield>
    <subfield code="c">Edited by Bob Hilderley, Sue Sumeraj; Illustrated by Kveta/threeinabox.com</subfield>
  </datafield>
  <datafield tag="250" ind1=" " ind2=" ">
    <subfield code="a">First edition</subfield>
  </datafield>
  <datafield tag="260" ind1=" " ind2=" ">
    <subfield code="a">Toronto, Ontario, Canada</subfield>
    <subfield code="b">Robert Rose Inc.</subfield>
    <subfield code="c">2012</subfield>
  </datafield>
  <datafield tag="300" ind1=" " ind2=" ">
    <subfield code="a">pages 1-5 unnumbered, 352 pages </subfield>
    <subfield code="b">Illustrations</subfield>
  </datafield>
  <datafield tag="521" ind1=" " ind2=" ">
    <subfield code="a">Reliable recommendations on managing the top 10 food allergies and intolerances, which include: Peanut, Tree nut, Fish, Milk allergy and Lactose etc.</subfield>
  </datafield>
  <datafield tag="650" ind1=" " ind2=" ">
    <subfield code="a">Food Allergy, Diet therapy</subfield>
    <subfield code="9">181967</subfield>
  </datafield>
  <datafield tag="655" ind1=" " ind2=" ">
    <subfield code="a">Adult Non-Fiction</subfield>
    <subfield code="9">181968</subfield>
  </datafield>
  <datafield tag="700" ind1=" " ind2=" ">
    <subfield code="a">Dr Sussman, Gordon L.</subfield>
    <subfield code="9">181970</subfield>
  </datafield>
  <datafield tag="942" ind1=" " ind2=" ">
    <subfield code="x">Nondalo Biyela</subfield>
    <subfield code="w">172</subfield>
    <subfield code="y">172</subfield>
    <subfield code="z">Nondalo Biyela</subfield>
  </datafield>
  <datafield tag="942" ind1=" " ind2=" ">
    <subfield code="2">ddc</subfield>
  </datafield>
  <datafield tag="942" ind1=" " ind2=" ">
    <subfield code="2">ddc</subfield>
    <subfield code="c">BOOK</subfield>
  </datafield>
  <datafield tag="999" ind1=" " ind2=" ">
    <subfield code="c">757358</subfield>
    <subfield code="d">757357</subfield>
  </datafield>
</record>
